Industrial relations / (Record no. 155851)

MARC details
000 -LEADER
fixed length control field 00729nam a22002297a 4500
005 - DATE AND TIME OF LATEST TRANSACTION
control field 20180813163705.0
010 ## - LCCN (DPL NO)
LC control number ENG-123723
020 ## - INTERNATIONAL STANDARD BOOK NUMBER
International Standard Book Number 9780199456550
Terms of availability 599.00
035 ## - SYSTEM CONTROL NUMBER
System control number EN-107255
037 ## - SOURCE OF ACQUISITION
Source of stock number/acquisition DBAD/PUB
082 ## - DEWEY DECIMAL CLASSIFICATION NUMBER
Classification number 331
100 ## - MAIN ENTRY--PERSONAL NAME
Personal name Ratnam, C.S. Venkata
245 ## - TITLE STATEMENT
Title Industrial relations /
Statement of responsibility, etc by C.S. Venkata Ratnam [and] Manoranjan Dhal
250 ## - EDITION STATEMENT
Edition statement 2nd ed.
260 ## - PUBLICATION, DISTRIBUTION, ETC. (IMPRINT)
Date of publication, distribution, etc 2016
Place of publication, distribution, etc New Delhi
Name of publisher, distributor, etc Oxford University Press
270 ## - ADDRESS
Address YMCA Library Building, 1 Jai Singh Road,
City New Delhi
Postal code 110001
300 ## - PHYSICAL DESCRIPTION
Dimensions 25cm(pbk)
Extent xvi,592p.
Other physical details ill.
500 ## - GENERAL NOTE
General note It include index
500 ## - GENERAL NOTE
General note Online Resources for teachers and students
700 ## - ADDED ENTRY--PERSONAL NAME
Personal name Dhal, Manoranjan
942 ## - ADDED ENTRY ELEMENTS (KOHA)
Item type English Books
Source of classification or shelving scheme Dewey Decimal Classification
Call number suffix RAT
Classification part 331
Holdings
Withdrawn status Lost status Not for loan Collection code Home library Current library Date acquired Source of acquisition Cost, normal purchase price Full call number Barcode Copy number Cost, replacement price Koha item type
    Not For Loan Non-fiction D.B.Act.Division Central Library 13/08/2018 DBAD/PUB 599.00 331 RAT EN-107255 1 599.00 English Books

© Delhi Public Library
Hit Counter
free hit counter